| 000 | 00729nas a2200265 4500 | ||
|---|---|---|---|
| 001 | BR9203221 | ||
| 003 | BR-BrBNA | ||
| 005 | 20231205092620.0 | ||
| 007 | ta | ||
| 008 | 230509b bl.|||p| |||| 00| 00por d | ||
| 040 |
_aBR-BrBNA _bpor _cBiblioteca Nacional de Agricultura |
||
| 041 | _a(Pt) | ||
| 072 | _aQ02 | ||
| 100 | 1 | _aCoelho, M.R.L. | |
| 245 | 1 | _aBomba de calor: cacao seco a baixo custo | |
| 650 | _aCACAO | ||
| 650 | _aBOMBA CENTRIFUGA | ||
| 650 | _aPROCESSAMENTO | ||
| 650 | _aSECAGEM ARTIFICIAL | ||
| 650 | _aSALGA | ||
| 650 | _aPRATICO | ||
| 773 | 0 |
_tManchete Rural (Brazil) _xISSN 0102-8901 _g(Feb 1989), v. 2(23) p. 43-44 _wBR9203221 |
|
| 909 |
_a202311 _bLúcia _c55 _dLúcia Elande |
||
| 942 |
_2AGRIS _n0 _cANA |
||
| 999 |
_c132901 _d132901 |
||